Central Library OPAC University of Rajshahi

The oxidation states of the elements and their potentials in aqueous solutions / (Record no. 10234)

MARC details
000 -LEADER
fixed length control field 01090cam a2200325 a 4500
001 - CONTROL NUMBER
control field 10234
003 - CONTROL NUMBER IDENTIFIER
rucl marc code BD-RjUL
005 - DATE AND TIME OF LATEST TRANSACTION
control field 20211208234922.0
008 - FIXED-LENGTH DATA ELEMENTS--GENERAL INFORMATION
fixed length control field 140123t1952 njua b 001 0 eng d
035 ## - SYSTEM CONTROL NUMBER
System control number (BD-RjUL)10282
040 ## - CATALOGING SOURCE
Original cataloging agency BD-RjUL
Language of cataloging eng
Transcribing agency BD-RjUL
Modifying agency BD-RjUL
041 ## - LANGUAGE CODE
Language code of text/sound track or separate title eng
082 04 - DEWEY DECIMAL CLASSIFICATION NUMBER
Edition number 16
Classification number 546.1
Author mark and year LAO 1952
100 1# - MAIN ENTRY--PERSONAL NAME
Personal name Latimer, Wendell M.
Fuller form of name (Wendell Mitchell),
Dates associated with a name 1893-1955.
9 (RLIN) 31616
245 14 - TITLE STATEMENT
Title The oxidation states of the elements and their potentials in aqueous solutions /
Statement of responsibility, etc. by Wendell M. Latimer.
246 14 - VARYING FORM OF TITLE
Title proper/short title Oxidation potentials
250 ## - EDITION STATEMENT
Edition statement 2nd ed.
260 ## - PUBLICATION, DISTRIBUTION, ETC. (IMPRINT)
Place of publication, distribution, etc. Englewood Cliffs, N.J :
Name of publisher, distributor, etc. Prentice-Hall,
Date of publication, distribution, etc. 1952.
300 ## - PHYSICAL DESCRIPTION
Pagination xvi, 392 p. :
Illustrations ill. ;
Size 24 cm.
500 ## - GENERAL NOTE
General note Previous ed.: 1938.
General note Spine and cover title : Oxidation potentials
504 ## - BIBLIOGRAPHY, ETC. NOTE
Bibliography, etc Includes bibliographical references and indexes.
650 #0 - SUBJECT ADDED ENTRY--TOPICAL TERM
Topical term or geographic name as entry element Chemical elements.
9 (RLIN) 25293
Topical term or geographic name as entry element Electrolysis.
9 (RLIN) 31617
Topical term or geographic name as entry element Oxidation.
9 (RLIN) 29419
830 #0 - SERIES ADDED ENTRY--UNIFORM TITLE
Uniform title Prentice-Hall chemistry series.
942 ## - ADDED ENTRY ELEMENTS (KOHA)
Source of classification or shelving scheme Dewey Decimal Classification
Koha item type Books
Holdings
Lost status Source of classification or shelving scheme Damaged status Not for loan Collection code Permanent Location Current Location Shelving location Date acquired Source of acquisition Cost, normal purchase price Total Checkouts Full call number Date last seen Copy number Koha item type
  Dewey Decimal Classification     Non-fiction Central Library, University of Rajshahi Central Library, University of Rajshahi   23/08/1969 Zeitlinger 126.00   546.1 LAO 1952 23/01/2014 C-2 Books
  Dewey Decimal Classification   Not For Loan Non-fiction Central Library, University of Rajshahi Central Library, University of Rajshahi Reading Room 16/06/1964 Zeitlinger 78.00   546.1 LAO 1961 15/04/2017 C-1 Books
  Dewey Decimal Classification     Non-fiction Central Library, University of Rajshahi Central Library, University of Rajshahi   23/08/1969 Zeithlinger. 126.00   546.1 LAO 1952 15/05/2017 C-3 Books